Petroleum Rock Mechanics. (Record no. 7387)

MARC details
000 -LEADER
fixed length control field 01114cam a22003137a 4500
001 - CONTROL NUMBER
control field 16882929
003 - CONTROL NUMBER IDENTIFIER
control field OSt
005 - DATE AND TIME OF LATEST TRANSACTION
control field 20241002113959.0
008 - FIXED-LENGTH DATA ELEMENTS--GENERAL INFORMATION
fixed length control field 110721s2011 enka b 001 0 eng d
010 ## - LIBRARY OF CONGRESS CONTROL NUMBER
LC control number 2011414821
016 7# - NATIONAL BIBLIOGRAPHIC AGENCY CONTROL NUMBER
Record control number 015752638
Source Uk
020 ## - INTERNATIONAL STANDARD BOOK NUMBER
International Standard Book Number 9780123855466 (pbk.)
020 ## - INTERNATIONAL STANDARD BOOK NUMBER
International Standard Book Number 0123855462 (pbk.)
035 ## - SYSTEM CONTROL NUMBER
System control number (OCoLC)ocn692291788
040 ## - CATALOGING SOURCE
Original cataloging agency BTCTA
Language of cataloging eng
Transcribing agency DDC
Modifying agency YDXCP
-- CDX
-- UKMGB
-- ORX
-- VMC
-- ORX
-- DLC
042 ## - AUTHENTICATION CODE
Authentication code lccopycat
050 00 - LIBRARY OF CONGRESS CALL NUMBER
Classification number TN870.56
Item number .L66 2011
082 04 - DEWEY DECIMAL CLASSIFICATION NUMBER
Classification number 338.272AAD 2011
100 ## - MAIN ENTRY--PERSONAL NAME
Personal name Aadnoy,Bernt S.; Looyeh,Reza
9 (RLIN) 15125
245 00 - TITLE STATEMENT
Title Petroleum Rock Mechanics.
Remainder of title Drilling operations and well design.
250 ## - EDITION STATEMENT
Edition statement 1st Ed.
260 ## - PUBLICATION, DISTRIBUTION, ETC. (IMPRINT)
Place of publication, distribution, etc. Oxford.
Name of publisher, distributor, etc. Gulf Professional Pub.
Date of publication, distribution, etc. 2011.
300 ## - PHYSICAL DESCRIPTION
Extent xxvi,350p;
Other physical details ill;
Dimensions 23cm.
504 ## - BIBLIOGRAPHY, ETC. NOTE
Bibliography, etc Includes; bibliographical references and index.
650 #0 - SUBJECT ADDED ENTRY--TOPICAL TERM
Topical term or geographic name as entry element Engineering
9 (RLIN) 373
906 ## - LOCAL DATA ELEMENT F, LDF (RLIN)
a 7
b cbc
c copycat
d 2
e ncip
f 20
g y-gencatlg
942 ## - ADDED ENTRY ELEMENTS (KOHA)
Source of classification or shelving scheme Dewey Decimal Classification
Koha item type Open Shelf
Holdings
Withdrawn status Lost status Source of classification or shelving scheme Damaged status Not for loan Home library Current library Date acquired Source of acquisition Inventory number Total Checkouts Full call number Barcode Date last seen Koha item type
    Dewey Decimal Classification     Main Kihumuro Campus Main Kihumuro Campus 25/10/2021 Purchase 21/41566   338.272 AAD 2011 2021-1537 25/10/2021 Open Shelf
    Dewey Decimal Classification     Main Kihumuro Campus Main Kihumuro Campus 25/10/2021 Purchase 21/41565   338.272 AAD 2011 2021-1538 25/10/2021 Open Shelf